TADHKIRA SHU'RAI KASHMIR. (Record no. 348571)
[ view plain ]
| 000 -LEADER | |
|---|---|
| fixed length control field | 00361 a2200133 4500 |
| 082 ## - DEWEY DECIMAL CLASSIFICATION NUMBER | |
| Classification number | 954.6 |
| 090 ## - LOCALLY ASSIGNED LC-TYPE CALL NUMBER (OCLC); LOCAL CALL NUMBER (RLIN) | |
| -- | 6197 |
| -- | 6197 |
| 100 ## - MAIN ENTRY--PERSONAL NAME | |
| Personal name | Seyyid Hussamuddin Rashdi. |
| 245 ## - TITLE STATEMENT | |
| Title | TADHKIRA SHU'RAI KASHMIR. |
| Statement of responsibility, etc. | Sayyid Hussamuddin Rashdi. |
| 260 ## - PUBLICATION, DISTRIBUTION, ETC. | |
| Place of publication, distribution, etc. | Lahore. |
| Name of publisher, distributor, etc. | Iqbal Academy Pakistan. |
| Date of publication, distribution, etc. | 1982. |
| 300 ## - PHYSICAL DESCRIPTION | |
| Extent | 1577p. |
| 500 ## - GENERAL NOTE | |
| General note | Hard cover. |
| 942 ## - ADDED ENTRY ELEMENTS (KOHA) | |
| Institution code [OBSOLETE] | NBS |
| Koha item type | Book |
| Call number prefix | 954.6 RAS |
| Withdrawn status | Lost status | Source of classification or shelving scheme | Damaged status | Not for loan | Permanent Location | Current Location | Date acquired | Total Checkouts | Full call number | Barcode | Date last seen | Date last checked out | Price effective from | Koha item type |
|---|---|---|---|---|---|---|---|---|---|---|---|---|---|---|
| Central Library (CL) | Central Library (CL) | 08/28/2013 | 1 | 954.6 TAD | NBSD-1800 | 11/23/2017 | 08/29/2017 | 08/28/2013 | Book | |||||
| Central Library (CL) | Central Library (CL) | 08/28/2013 | 1 | 954.6 TAD | NBSD-1708 | 11/23/2017 | 08/29/2017 | 08/28/2013 | Book |
